Electronic integrated circuits and systems

Spremljeno u:
Bibliografski detalji
Glavni autor: Fitchen, Franklin C
Format: Knjiga
Jezik:Spanish
Izdano: New York, New York : Van Nostrand Reinhold, 1970
Serija:Microelectronics series
Teme:
Oznake: Dodaj oznaku
Bez oznaka, Budi prvi tko označuje ovaj zapis!

MARC

LEADER 00000nam a2200000Ia 4500
003 000546
005 20221231143941.0
008 140114s1970 nyua 000 ||spa d
040 |c cru CEDI 
082 |a 621.381.73 F544e 
100 |a Fitchen, Franklin C  |9 19084 
245 |a Electronic integrated circuits and systems 
260 |a New York, New York : Van Nostrand Reinhold,  |c 1970 
300 |a 420 páginas : ilustraciones 
440 |a  Microelectronics series   |9 19095 
650 |x CIRCUITOS INTEGRADOS  |9 19096 
942 |2 ddc  |c BK 
999 |c 14692  |d 14692